Complete the Card - WWE SummerSlam 2013 - Statistics

General Stats
  • This quiz has been taken 475 times
  • The average score is 15 of 19
Answer Stats
Answer % Correct
John Cena
98%
Daniel Bryan
97%
Randy Orton
97%
Kane
94%
AJ Lee
90%
CM Punk
89%
Alberto Del Rio
88%
Dolph Ziggler
88%
Brock Lesnar
85%
Bray Wyatt
82%
Brie Bella
82%
Big E Langston
74%
Dean Ambrose
70%
Christian
61%
Kaitlyn
56%
Natalya
56%
Rob Van Dam
54%
Cody Rhodes
48%
Damien Sandow
44%
No matching quizzes found
Score Distribution
Percent of People with Each Score
Percentile by Number Answered
Your Score History
You have not taken this quiz